| 000 | 00571cam a22002291 4500 | ||
|---|---|---|---|
| 001 | sa 68017608 | ||
| 003 | DLC | ||
| 005 | 20260227112704.0 | ||
| 008 | 900125s1968 ii 000 0 gujo | ||
| 010 | _asa 68017608 | ||
| 035 | _a(OCoLC)20957751 | ||
| 040 |
_aDLC _cWaU _dDLC |
||
| 050 | 0 | 0 |
_aBL27 _b.V88 |
| 100 | 1 |
_aVyāsa, Raviśaṅkara Śivaśaṅkara, _d1884- |
|
| 245 | 1 | 0 | _aDādānī deṇa. |
| 260 | _c[1968] | ||
| 300 |
_a8, 195 p. _c19 cm. |
||
| 500 | _aIn Gujarati. | ||
| 650 | 0 | _aReligion. | |
| 650 | 0 | _aHindu sociology. | |
| 650 | 0 | _aConduct of life. | |
| 999 |
_c87823 _d87823 |
||